Normal view
MARC view
- Dr. Waseem Hassan.
Entry Personal Name
001 - CONTROL NUMBER
- control field: 19129
003 - CONTROL NUMBER IDENTIFIER
- control field: NUST
005 - DATE AND TIME OF LATEST TRANSACTION
- control field: 20190806063249.0
008 - FIXED-LENGTH DATA ELEMENTS
- fixed length control field: 190806|| aca||aabn | a|a d
040 ## - CATALOGING SOURCE
- Original cataloging agency: NUST
- Transcribing agency: NUST
100 ## - HEADING--PERSONAL NAME
- Personal name: Dr. Waseem Hassan.
670 ## - SOURCE DATA FOUND
- Source citation: Work cat.: (NUST): Usman, Muhammad 1812, Comparative Analysis of Dove. Lux & Lifebuoy:, 2016.
